[Event "chT-POL"]
[Site "Zakopane chT"]
[Date "2000.09.11"]
[Round "9"]
[White "Markowski,T"]
[Black "Krasenkow,M"]
[Result "1/2-1/2"]
[WhiteElo "2568"]
[BlackElo "2702"]

1.g3 e5 2.c4 c6 3.d4 exd4 4.Qxd4 d5 5.Bg2 Be6 6.cxd5 cxd5 7.Nf3 Nc6 8.Qa4 Bc5
9.O-O Nf6 10.Ne5 Rc8 11.Nc3 O-O 12.Nd3 Bd4 13.Bg5 Bxc3 14.bxc3 h6 15.Be3 Bg4
16.Nf4 g5 17.Nxd5 Nxd5 18.Qxg4 Nxe3 19.fxe3 Qe7 20.Bd5 Qxe3+ 21.Kh1 Ne5 22.Qf5 Qxc3
23.Be4 Ng6 24.Bd5 Ne5 25.Be4 Ng6 26.Bd5  1/2-1/2

[Event "GMA"]
[Site "Dos Hermanas ESP"]
[Date "2001.04.23"]
[Round "5"]
[White "Krasenkow,M"]
[Black "Gurevich,M"]
[Result "1/2-1/2"]
[WhiteElo "2655"]
[BlackElo "2688"]

1.Nf3 d6 2.d4 f5 3.g3 Nf6 4.Bg2 g6 5.c4 Bg7 6.Nc3 O-O 7.O-O c6 8.d5 e5 9.dxe6 Bxe6
10.Qd3 Nbd7 11.Rd1 Nc5 12.Qxd6 Qxd6 13.Rxd6 Rfe8 14.Ng5 Bxc4 15.Be3 Ne6 16.Nxe6 Bxe6
17.Rd2 Nd7  1/2-1/2

[Event "2nd IECC"]
[Site "Ohrid MKD"]
[Date "2001.06.02"]
[Round "2"]
[White "Ruck,R"]
[Black "Krasenkow,M"]
[Result "1-0"]
[WhiteElo "2557"]
[BlackElo "2655"]

1.Nf3 d5 2.d4 Nf6 3.c4 e6 4.Nc3 Bb4 5.Bg5 Nbd7 6.cxd5 exd5 7.Qc2 c6 8.e3 h6
9.Bh4 O-O 10.Bd3 Re8 11.O-O Qa5 12.a3 Bxc3 13.bxc3 Ne4 14.c4 Nb6 15.c5 Nd7
16.a4 Re6 17.Bxe4 Rxe4 18.Bg3 Re6 19.Nd2 Nf6 20.Rfe1 Ne4 21.Nxe4 dxe4 22.Red1 b6
23.Bc7 Qa6 24.cxb6 axb6 25.Qb2 Rg6 26.Kh1 Bg4 27.Rdc1 Qc8 28.Qxb6 Be2 29.Bg3 Qe6
30.a5 Ra6 31.Qb7 Rg5 32.Qc7 h5 33.Qd8+  1-0

[Event "2nd IECC"]
[Site "Ohrid MKD"]
[Date "2001.06.04"]
[Round "4"]
[White "Dervishi,E"]
[Black "Krasenkow,M"]
[Result "0-1"]
[WhiteElo "2491"]
[BlackElo "2655"]

1.e4 c5 2.Nf3 Nc6 3.d4 cxd4 4.Nxd4 Nf6 5.Nc3 e5 6.Ndb5 d6 7.Bg5 a6 8.Na3 b5
9.Nd5 Be7 10.Bxf6 Bxf6 11.c3 O-O 12.Nc2 Bg5 13.Be2 Be6 14.O-O Ne7 15.Ncb4 a5
16.Nxe7+ Qxe7 17.Nd5 Qb7 18.Qd3 Bxd5 19.Qxd5 Qxd5 20.exd5 Rab8 21.g3 f5 22.a3 g6
23.Kg2 Rfc8 24.Rfd1 Kg7 25.h4 Bf6 26.Rd2 e4 27.f3 exf3+ 28.Kxf3 h5 29.Kg2 Be5
30.Rf1 Kf6 31.Rf3 Ke7 32.Bf1 Kd7 33.Be2 Kc7 34.b3 Kb6 35.c4 bxc4 36.Bxc4 a4
37.Rc2 axb3 38.Rxb3+ Ka5 39.Rxb8 Rxb8 40.Be2 Rb3 41.Bf3 Rxa3 42.Re2 Kb4 43.Rc2 Rd3
44.Kf2 Kb3 45.Re2 Rc3 46.Kg2 Kc4 47.Ra2 Kd3 48.Kf2 Bd4+ 49.Kg2 Be3 50.Re2 Kd4
51.Ra2 Ke5 52.Rb2 Rc1 53.Ra2 Rg1+ 54.Kh2 f4 55.gxf4+ Kxf4 56.Bg2 Rd1 57.Ra4+ Bd4
58.Ra3 Be5 59.Kh3 Kf5 60.Rf3+ Bf4 61.Ra3 Kf6 62.Rb3 Rd4 63.Bf3 Rd2 64.Bg2 Be5
65.Rf3+ Kg7 66.Re3 Kh7 67.Ra3 Bf6 68.Be4 Rd4 69.Re3 Rb4 70.Kg3 Kg7 71.Kh3 Kh6
72.Kg3 Bd4 73.Re2 Be5+ 74.Kg2 Bf6 75.Kg3 Rb3+ 76.Bf3 Bxh4+ 77.Kxh4 Rxf3 78.Re6 Rf4+
79.Kh3 Kg5 80.Rxd6 Rd4 81.Rd8 h4 82.d6 Rd3+ 83.Kh2 Kg4 84.d7 g5 85.Kg2 h3+
86.Kf2 h2 87.Rh8 Rd2+ 88.Ke1 Rxd7 89.Rxh2 Kg3 90.Ra2 Rf7 91.Ra8 g4 92.Ra3+ Kh2
93.Ra2+ Kh3 94.Ra8 g3 95.Rh8+ Kg2 96.Ke2 Kg1 97.Ra8 Rh7  0-1

[Event "2nd IECC"]
[Site "Ohrid MKD"]
[Date "2001.06.06"]
[Round "6"]
[White "Socko,B"]
[Black "Krasenkow,M"]
[Result "1/2-1/2"]
[WhiteElo "2554"]
[BlackElo "2655"]

1.e4 e5 2.Nf3 Nc6 3.Bb5 a6 4.Bxc6 dxc6 5.O-O Qd6 6.Na3 b5 7.c3 c5 8.Nc2 Bb7
9.d4 cxd4 10.cxd4 exd4 11.Nfxd4 Ne7 12.f3 c5 13.Nb3 Ng6 14.Qxd6 Bxd6 15.Be3 Rc8
16.Rfd1 Ke7 17.a4 b4 18.Bg5+ f6 19.Ne3 Ke6 20.Nc4 Be7 21.Be3 Ne5 22.Nb6 Rc7
23.Rac1 c4 24.Na5 Rb8 25.Nbxc4 Nxc4 26.Nxc4 Rd8 27.Rxd8 Bxd8 28.Kf2 Rd7 29.Ke2 f5
30.exf5+ Kxf5 31.Bc5 Bg5 32.Rc2 b3 33.Rc3 Bc6 34.Be3 Bf6 35.Rxb3 Bxa4 36.Rb6 Bb5
37.b3 h5 38.Kf2 Bd8 39.Rb8 Bf6 40.g3 Rd3 41.Nd2 Bc3 42.Rf8+ Kg6 43.Ne4 Be1+
44.Kxe1 Rxe3+ 45.Kf2 Re2+ 46.Kg1 Re1+ 47.Kf2 Re2+ 48.Kg1  1/2-1/2

[Event "2nd IECC"]
[Site "Ohrid MKD"]
[Date "2001.06.09"]
[Round "8"]
[White "Anastasian,A"]
[Black "Krasenkow,M"]
[Result "1-0"]
[WhiteElo "2574"]
[BlackElo "2655"]

1.c4 c5 2.Nc3 Nc6 3.Nf3 Nf6 4.g3 g6 5.Bg2 Bg7 6.d4 cxd4 7.Nxd4 O-O 8.Nc2 d6
9.O-O Be6 10.b3 Qd7 11.Bb2 Bh3 12.Ne3 Bxg2 13.Kxg2 e6 14.Qd2 Rfd8 15.Rad1 a6
16.Ba3 b5 17.Bxd6 Ne8 18.c5 Nxd6 19.cxd6 Nd4 20.Ne4 f5 21.Ng5 Qb7+ 22.Nf3 Rxd6
23.Qa5 f4 24.Nc2 Rad8 25.Nxd4 Bxd4 26.Qa3 g5 27.g4 h5 28.h3 e5 29.gxh5 Qh7
30.Nh2 Qe4+ 31.Nf3 Qxe2 32.Rde1 Qc2 33.Nxd4 exd4 34.Re5 Qc6+ 35.Kh2 d3 36.Rxg5+ Kh8
37.Rc1 Qe4 38.Rc8 Qd4 39.Rxd8+ Rxd8 40.Qxa6 Qd6 41.Qxd6 Rxd6 42.Rg1 Ra6 43.Rd1 Rxa2
44.Kg2 d2 45.Kf3 Kg7 46.Kxf4 Kh6 47.Kg4 b4 48.f4 Rb2 49.f5 Rxb3 50.Rxd2 Rb1
51.Rd6+ Kh7 52.Kg5 Rg1+ 53.Kf6 b3 54.Rb6 Rb1 55.Rb8 Rb2 56.h4 Rb1 57.h6 Rb2
58.Kg5 Rg2+ 59.Kh5 b2 60.Rb7+ Kh8 61.h7 Rc2 62.Kg6 Rc6+ 63.Kg5 Rc2 64.f6 Rc5+
65.Kh6 Rb5 66.f7  1-0

[Event "Lasker Mem Open"]
[Site "Barlinek CZE"]
[Date "2001.07.17"]
[Round "2"]
[White "Dworakowska,J"]
[Black "Krasenkow,M"]
[Result "0-1"]
[WhiteElo "2350"]
[BlackElo "2573"]

1.e4 g6 2.d4 Bg7 3.Nc3 c6 4.Nf3 d6 5.Be2 Nf6 6.O-O O-O 7.Bg5 b5 8.e5 b4 9.exf6 exf6
10.Bf4 bxc3 11.bxc3 g5 12.Be3 Nd7 13.h4 h6 14.g3 Nb6 15.Kg2 Be6 16.Bd3 Qd7
17.Rh1 Bd5 18.hxg5 fxg5 19.Bxg5 Qe6 20.Bf4 f5 21.Qe2 Qg6 22.Rh4 Rae8 23.Qd1 c5
24.Be2 Na4 25.Bb5 Nxc3 26.Bxe8 Rxe8 27.Qd3 cxd4 28.Rah1 Be4 29.Qc4+ d5 30.Qc7 Qe6
31.Bc1 Ne2 32.Bxh6 Bxf3+ 33.Kxf3 Bxh6 34.Kg2 Bg7 35.Rh7 Qe4+ 36.Kf1 Qe7 37.Qxe7 Rxe7
38.R7h5 Nc3 39.Rxf5 a5 40.a3 a4 41.Rh4 Re4 42.Rhh5 Rg4 43.Kg2 Bf8 44.Kf3 Rg7
45.Rh4 Rf7 46.Rxf7 Kxf7 47.Rf4+ Ke8 48.Rxd4 Bxa3 49.Rh4 Bb2 50.Kf4 a3 51.Ke5 a2
52.Ke6 Ba3 53.Rh8+ Bf8 54.Rh1 Nb1  0-1

[Event "Lasker Mem Open"]
[Site "Barlinek CZE"]
[Date "2001.07.22"]
[Round "6"]
[White "Zschaebitz,K"]
[Black "Krasenkow,M"]
[Result "0-1"]
[WhiteElo "2176"]
[BlackElo "2573"]

1.d4 g6 2.c4 Bg7 3.Nc3 d6 4.Nf3 Bg4 5.e3 Nf6 6.Be2 c6 7.O-O O-O 8.e4 a6 9.a4 a5
10.Ra3 Na6 11.Be3 Bxf3 12.Bxf3 Nd7 13.Be2 e5 14.dxe5 dxe5 15.Qd6 Qc8 16.Rd1 Rd8
17.Bg5 Bf8 18.Be7 Bxe7 19.Qxe7 Qc7 20.Raa1 Ndc5 21.Qxc7 Nxc7 22.Rxd8+ Rxd8
23.Rd1 Rd4 24.f3 N7e6 25.g3 Rxd1+ 26.Bxd1 Nd3 27.b3 Nd4 28.f4 exf4 29.gxf4 Nb2
30.Ne2 c5 31.Nxd4 cxd4 32.Bf3 d3 33.Kf2 d2 34.Ke3 d1=Q 35.Bxd1 Nxd1+ 36.Kd4 Nf2
37.c5 Kf8 38.b4 axb4 39.c6 bxc6 40.a5 b3 41.a6 b2 42.a7 b1=Q 43.a8=Q+ Kg7
44.Qxc6 Qd3+  0-1

[Event "Lasker Mem Open"]
[Site "Barlinek CZE"]
[Date "2001.07.23"]
[Round "7"]
[White "Krasenkow,M"]
[Black "Szczechowicz,B"]
[Result "1-0"]
[WhiteElo "2573"]
[BlackElo "2298"]

1.Nf3 Nf6 2.c4 g6 3.Nc3 Bg7 4.e4 d6 5.d4 O-O 6.h3 e5 7.d5 a5 8.Bg5 Na6 9.Nd2 h6
10.Be3 Nd7 11.g4 Ndc5 12.h4 f5 13.exf5 gxf5 14.g5 e4 15.gxh6 Be5 16.f4 Bf6
17.Nb3 Nxb3 18.axb3 Nb4 19.Kd2 c6 20.Rg1+ Kh8 21.Qh5 cxd5 22.cxd5 Bd7 23.h7 Qe7
24.Rg6 Be8 25.Rg8+ Rxg8 26.hxg8=Q+ Kxg8 27.Qxf5 Bd7 28.Qg6+ Qg7 29.Qxg7+ Bxg7
30.Bc4 b5 31.Nxb5 Bxb2 32.Rg1+ Kh7 33.Nxd6 Bg7 34.Nxe4 a4 35.bxa4 Bxa4 36.Ng5+ Kh8
37.Nf7+ Kh7 38.Rb1  1-0

[Event "Lasker Mem Open"]
[Site "Barlinek CZE"]
[Date "2001.07.25"]
[Round "9"]
[White "Voitsekhovsky,S"]
[Black "Krasenkow,M"]
[Result "1/2-1/2"]
[WhiteElo "2476"]
[BlackElo "2573"]

1.e4 e5 2.Nf3 Nc6 3.Bb5 Nf6 4.d3 d6 5.Nbd2 a6 6.Bxc6+ bxc6 7.O-O Be7 8.c3 c5
9.b3 O-O 10.Bb2 Bb7 11.Qc2 Re8 12.d4 cxd4 13.cxd4 exd4 14.Nxd4 Bf8 15.f3 c5
16.Nf5 g6 17.Ne3 Bg7 18.Ndc4 d5 19.exd5 Nxd5 20.Nxd5 Bxb2 21.Qxb2 Bxd5 22.Rad1 Ra7
23.Ne5 Re6 24.Rd3 f6 25.Nc4 Rd7 26.Rfd1 Bc6 27.Rxd7 Bxd7 28.Qd2 Qe7 29.Kf2 Bb5
30.Qd8+ Kg7 31.Qxe7+ Rxe7 32.Ne3 a5 33.a4 Be8 34.Rc1 Bf7 35.Rxc5 Bxb3 36.Rxa5 f5
37.g4 fxg4 38.fxg4 Re4 39.Ra7+ Kf6 40.a5 h5 41.gxh5 gxh5 42.Rb7 Be6 43.a6 Ra4
44.a7 Ke5 45.h4 Ra2+ 46.Kf3 Ra3 47.Ke2 Kf4 48.Rb4+ Kg3 49.Re4 Ra2+ 50.Kd3 Bd7
51.Re7 Rxa7 52.Rg7+ Kh3 53.Kd2 Ra2+ 54.Ke1 Bg4 55.Nxg4 hxg4 56.h5 g3 57.h6 Ra8
58.h7 Rh8 59.Ke2 g2 60.Kf3 Rf8+ 61.Ke2 Rh8  1/2-1/2

[Event "10th Open"]
[Site "Kavala GRE"]
[Date "2001.08.24"]
[Round "4"]
[White "Krasenkow,M"]
[Black "Georgiev,Kr"]
[Result "1-0"]
[WhiteElo "2573"]
[BlackElo "2487"]

1.d4 Nf6 2.c4 g6 3.Nc3 Bg7 4.e4 d6 5.Nf3 O-O 6.h3 e5 7.d5 Na6 8.Bg5 Qe8 9.g4 Bd7
10.Nd2 Kh8 11.a3 c6 12.b4 Nc7 13.Rb1 a6 14.Qf3 Ng8 15.h4 f5 16.gxf5 gxf5
17.Bh3 fxe4 18.Qg2 cxd5 19.cxd5 Nf6 20.Bxf6 Rxf6 21.Ndxe4 Rg6 22.Qf3 Rh6
23.Kd2 Nb5 24.Bxd7 Qxd7 25.Nxb5 Qxb5 26.Qd3 Qd7 27.h5 Rf8 28.Rbg1 Rf5 29.Qg3 Qf7
30.Ke1 Rf4 31.f3 Rxf3 32.Ng5  1-0

[Event "10th Open"]
[Site "Kavala GRE"]
[Date "2001.08.25"]
[Round "5"]
[White "Bojkov,D"]
[Black "Krasenkow,M"]
[Result "0-1"]
[WhiteElo "2411"]
[BlackElo "2573"]

1.e4 c5 2.Nf3 e6 3.Qe2 Nc6 4.g3 g6 5.Bg2 Bg7 6.O-O d6 7.c3 e5 8.Na3 Nge7
9.Nc2 O-O 10.b4 cxb4 11.cxb4 d5 12.d3 a6 13.Bb2 d4 14.a4 Be6 15.Ng5 Bb3 16.b5 Na5
17.f4 Rc8 18.Rfc1 f6 19.Nf3 Be6 20.fxe5 fxe5 21.Ng5 Bd7 22.Na3 Nb3 23.Rxc8 Nxc8
24.Qc2 Nxa1 25.Qc4+ Kh8 26.Nf7+ Rxf7 27.Qxf7 axb5 28.axb5 Nd6 29.Qa2 Qa5
30.Qxa1 Nxb5 31.Qc1 Nxa3 32.Bxa3 Qc3 33.Qg5 Qc8 34.Bd6 Qe8 35.h4 h6 36.Qd2 Bb5
37.Bf1 h5 38.Qg5 Kh7 39.Be2 Qe6 40.Qd8 Qa2 41.Qb6 Qb1+  0-1

[Event "10th Open"]
[Site "Kavala GRE"]
[Date "2001.08.28"]
[Round "8"]
[White "Krasenkow,M"]
[Black "Halkias,S"]
[Result "1/2-1/2"]
[WhiteElo "2573"]
[BlackElo "2505"]

1.Nf3 d5 2.d4 c5 3.c4 e6 4.cxd5 exd5 5.Nc3 Nc6 6.dxc5 d4 7.Na4 b5 8.cxb6 axb6
9.e3 Bb4+ 10.Bd2 Bd7 11.Bb5 Nf6 12.Bxb4 Nxb4 13.Bxd7+ Qxd7 14.Nxb6 Qb5 15.Nxa8 Nd3+
16.Kf1 Nf4+  1/2-1/2

[Event "Corus B"]
[Site "Wijk aan Zee NED"]
[Date "2002.01.22"]
[Round "7"]
[White "Sokolov,I"]
[Black "Krasenkow,M"]
[Result "1/2-1/2"]
[WhiteElo "2659"]
[BlackElo "2632"]

1.d4 Nf6 2.c4 g6 3.f3 d5 4.cxd5 Nxd5 5.e4 Nb6 6.Nc3 Bg7 7.Be3 O-O 8.Qd2 Nc6
9.O-O-O e5 10.d5 Nd4 11.f4 Bg4 12.Re1 c5 13.fxe5 Bxe5 14.h3 Bd7 15.Nf3 Nxf3
16.gxf3 Qe7 17.h4 c4 18.Bd4 Na4 19.Bxe5 Qxe5 20.f4 Qc7 21.e5 Nc5 22.h5 Bf5
23.hxg6 fxg6 24.Bxc4 Na4 25.Qd4 Rac8 26.Bb3 Nc5 27.Bc2 Bxc2 28.Kxc2 Qf7 29.e6 Qf5+
30.Kd2 Qxf4+ 31.Qxf4 Rxf4 32.e7 Re8 33.Nb5 Ne4+ 34.Rxe4 Rxe4 35.d6 Re5 36.Kc3 a6
37.d7 R5xe7 38.dxe8=Q+ Rxe8 39.Nd6 Re3+ 40.Kd4 Re2 41.Rb1 b6 42.a4 h5 43.b3 Kg7
44.Ne4 Kh6 45.Ke5 Re3 46.Kf4 Rd3 47.Ng5 h4 48.Ne4 Kg7 49.Nf2 Rg3 50.Ng4 Rc3
51.Ne3 h3 52.Nd5 Rd3 53.Ke4 Rg3 54.Kf4 Rd3 55.Ke4 Rg3 56.Ne3 h2 57.Rh1 Rh3
58.Kd3 g5 59.Ke2 Kf7 60.b4  1/2-1/2

[Event "Corus B"]
[Site "Wijk aan Zee NED"]
[Date "2002.01.26"]
[Round "10"]
[White "Nijboer,F"]
[Black "Krasenkow,M"]
[Result "1/2-1/2"]
[WhiteElo "2574"]
[BlackElo "2632"]

1.e4 c5 2.Nf3 Nc6 3.d4 cxd4 4.Nxd4 Nf6 5.Nc3 e5 6.Ndb5 d6 7.Bg5 a6 8.Na3 b5
9.Bxf6 gxf6 10.Nd5 f5 11.Bd3 Be6 12.O-O Bxd5 13.exd5 Ne7 14.c3 Bg7 15.Qh5 e4
16.Bc2 O-O 17.Rae1 Qc8 18.Kh1 Ng6 19.Bb1 Re8 20.Nc2 Nf4 21.Qg5 Nxd5 22.Nd4 Ne7
23.f3 d5 24.g4 fxg4 25.fxe4 Ng6 26.Rxf7 Bxd4 27.e5 Qd8 28.Qh6 Kxf7 29.Qxh7+ Ke6
30.Qxg6+ Kd7 31.cxd4 Kc7 32.Bf5 Kb7 33.Rc1 Re7 34.Qc6+ Ka7 35.Bc8 Qb6 36.Qd6 Qxd6
37.exd6 Rg7 38.Rc5 Kb6 39.d7 Rg8 40.Kg2 Ra7 41.Kg3 Rc7 42.Rxd5 Rd8 43.Re5 Rc2
44.d5 Kc7 45.Re6 Rxd7 46.Bxd7 Kxd7 47.Rxa6 Rxb2 48.a3 b4 49.a4 b3 50.Rb6 Ra2
51.Kxg4 Rxa4+ 52.Kf5 Rh4 53.Rxb3 Rxh2 54.Ke5 Re2+ 55.Kd4 Rd2+ 56.Rd3 Rxd3+
57.Kxd3  1/2-1/2

[Event "German Team Cup"]
[Site "Baden-Baden GER"]
[Date "2002.03.09"]
[Round "1"]
[White "Bunzmann,D"]
[Black "Krasenkow,M"]
[Result "1/2-1/2"]
[WhiteElo "2469"]
[BlackElo "2632"]

1.d4 Nf6 2.Nf3 g6 3.c4 Bg7 4.Nc3 d5 5.cxd5 Nxd5 6.e4 Nxc3 7.bxc3 c5 8.Rb1 O-O
9.Be2 b6 10.Be3 Bb7 11.e5 cxd4 12.cxd4 Na6 13.h4 h5 14.Ng5 Qd5 15.Qa4 Qxg2
16.Kd2 Nc5 17.dxc5 Qd5+ 18.Bd4 Rad8 19.Ke3 Bxe5 20.Rhd1 Bxd4+ 21.Qxd4 Qf5
22.Qc3 e5 23.Bb5 Rd4 24.c6 Bc8 25.Ke2 Rxh4 26.Rg1 a6 27.Bd3 e4 28.Bc2 Rg4
29.Qe3 Rxg1 30.Rxg1 Qb5+ 31.Ke1 Qxc6 32.Bxe4 Qf6 33.Kf1 Re8 34.Qf3 Qxf3 35.Bxf3 Re5
36.Be2 Kg7 37.f3 Ra5 38.Bc4 f6 39.Ne6+ Bxe6 40.Bxe6 Re5 41.Bb3 b5 42.Kf2 a5
43.Bc2 f5 44.Bd3 Kf6 45.Rc1 Rd5 46.Ke3 g5 47.Rc6+ Ke5 48.Rg6 f4+ 49.Kd2 Kd4
50.Be4 Re5 51.Rd6+ Kc5 52.Rd3 Kb4 53.Rc3 a4 54.a3+ Ka5 55.Kd3  1/2-1/2

[Event "59th ch-POL"]
[Site "Warsaw POL"]
[Date "2002.04.29"]
[Round "1"]
[White "Stryjecki,M"]
[Black "Krasenkow,M"]
[Result "0-1"]
[WhiteElo "2456"]
[BlackElo "2641"]

1.g3 e5 2.c4 d6 3.Nc3 g6 4.Bg2 Bg7 5.e4 Nf6 6.Nge2 O-O 7.O-O c6 8.d3 a6 9.h3 b5
10.f4 exf4 11.gxf4 Nbd7 12.Be3 Bb7 13.a3 Re8 14.Bf2 Qc7 15.Qc2 bxc4 16.dxc4 d5
17.e5 Nh5 18.Rad1 Bh6 19.Bh4 Nb6 20.c5 Nc4 21.Rf3 Bc8 22.b3 Nxa3 23.Qa2 Nb5
24.Nxb5 cxb5 25.b4 Be6 26.Rf2 a5 27.Bxd5 axb4 28.Qd2 Rad8 29.Bxd8 Rxd8 30.Qxb4 Bxd5
31.Qxb5 Rb8 32.Qd3 Ba8 33.Qd6 Qc8 34.e6 fxe6 35.Nd4 Bd5 36.c6 Bf8 37.Qe5 Bg7
38.Qd6 Bxd4 39.c7 Bxf2+ 40.Kxf2 Ra8 41.Rb1 Nf6  0-1

[Event "59th ch-POL"]
[Site "Warsaw POL"]
[Date "2002.05.01"]
[Round "3"]
[White "Bartel,Mat"]
[Black "Krasenkow,M"]
[Result "0-1"]
[WhiteElo "2417"]
[BlackElo "2641"]

1.e4 g6 2.d4 Bg7 3.Nf3 d6 4.Bc4 e6 5.Bb3 Ne7 6.O-O b6 7.Re1 Nd7 8.Nbd2 Bb7
9.Nf1 O-O 10.Ng3 c5 11.c3 Rc8 12.Be3 Nf6 13.Bg5 h6 14.Bxf6 Bxf6 15.Qd2 Bg7
16.Rad1 c4 17.Bc2 f5 18.Qe2 f4 19.Nf1 g5 20.e5 d5 21.h3 Bc6 22.N1h2 Be8 23.Ng4 Bh5
24.Nfh2 Qe8 25.h4 Nf5 26.hxg5 hxg5 27.Qf3 Qg6 28.Qh3 Kf7 29.g3 Rh8 30.Qg2 Rh7
31.Rd2 Rch8 32.Ne3 fxe3 33.fxe3 g4 34.e4 dxe4 35.d5 Bf8 36.d6 Qg5 37.Rf2 Bg6
38.Qxe4 Rh3 39.Qxc4 Rxg3+ 40.Kf1 Rf3 41.Nxf3 gxf3 42.Rxf3 Rh1+  0-1

[Event "59th ch-POL"]
[Site "Warsaw POL"]
[Date "2002.05.03"]
[Round "5"]
[White "Krasenkow,M"]
[Black "Tomczak,Raf"]
[Result "1/2-1/2"]
[WhiteElo "2641"]
[BlackElo "2384"]

1.d4 d5 2.c4 dxc4 3.Nf3 Nf6 4.e3 e6 5.Bxc4 c5 6.O-O a6 7.Qe2 b5 8.Bb3 Bb7
9.a4 Nbd7 10.axb5 axb5 11.Rxa8 Qxa8 12.Nc3 b4 13.Nb5 Qa5 14.e4 Be7 15.d5 exd5
16.exd5 O-O 17.Rd1 Ba6 18.Bc4 Re8 19.Bg5 Bd8 20.Qf1 Qb6 21.d6 Bb7 22.Bxf6 Bxf6
23.Nc7 Rf8 24.Qe2 Bxf3 25.gxf3 Ne5 26.Bb5 h6 27.Ne8 Qb7 28.Kg2 Ng6 29.Nxf6+ gxf6
30.Kh1 Ne5 31.Rg1+ Kh8 32.Rg3 Rg8 33.Bd3 Qd5 34.Qe3 Rg5 35.h4 Rh5 36.Qe4 Qxe4
37.fxe4 Rxh4+ 38.Kg2 c4 39.Bb1 f5 40.exf5 Rd4 41.f6 Rxd6 42.Re3 Nd3 43.Re8+ Kh7
44.Rc8 Kg6 45.Rxc4 Kxf6 46.b3 Ke5 47.Bxd3 Rxd3 48.Rxb4 h5 49.Rb5+ Kf4  1/2-1/2

[Event "59th ch-POL"]
[Site "Warsaw POL"]
[Date "2002.05.04"]
[Round "6"]
[White "Cyborowski,L"]
[Black "Krasenkow,M"]
[Result "0-1"]
[WhiteElo "2510"]
[BlackElo "2641"]

1.Nf3 g6 2.d4 Nf6 3.c4 Bg7 4.Nc3 d5 5.cxd5 Nxd5 6.e4 Nxc3 7.bxc3 c5 8.Be3 Qa5
9.Qd2 Nc6 10.Rc1 cxd4 11.cxd4 Qxd2+ 12.Kxd2 O-O 13.d5 Rd8 14.Ke1 Na5 15.Bd2 b6
16.Bb4 e6 17.Be7 Rd7 18.d6 a6 19.Bd3 Bb7 20.Rc7 Rxc7 21.dxc7 Bf8 22.Bf6 Bd6
23.h4 Rc8 24.h5 Rxc7 25.Ke2 Be7 26.Be5 Rd7 27.hxg6 fxg6 28.Ba1 b5 29.Ne5 Rd6
30.f4 Nc6 31.Ng4 h5 32.Nh6+ Kf8 33.g4 h4 34.g5 e5 35.Rxh4 exf4 36.Rxf4+ Ke8
37.Rf7 Nd4+ 38.Bxd4 Rxd4 39.Ng8  0-1

[Event "59th ch-POL"]
[Site "Warsaw POL"]
[Date "2002.05.05"]
[Round "7"]
[White "Krasenkow,M"]
[Black "Lagowski,P"]
[Result "1-0"]
[WhiteElo "2641"]
[BlackElo "2321"]

1.d4 Nf6 2.c4 c5 3.d5 e6 4.Nc3 exd5 5.cxd5 d6 6.e4 g6 7.h3 Bg7 8.Nf3 O-O
9.Bd3 b5 10.Bxb5 Nxe4 11.Nxe4 Qa5+ 12.Nfd2 Qxb5 13.Nxd6 Qa6 14.N2c4 Nd7 15.O-O Nb6
16.Nxb6 Qxb6 17.Nxc8 Raxc8 18.Bg5 Qxb2 19.Qf3 Qe5 20.Bf4 Qf5 21.g4 Qf6 22.Qg3 g5
23.Bc7 Qc3 24.Rac1 Qxg3+ 25.Bxg3 Bd4 26.d6 Rcd8 27.Rfe1 Rd7 28.Re4 Kg7 29.Rce1 Rfd8
30.Kf1 h6 31.Re7 Kf8 32.R1e4 Bf6 33.Rxd7 Rxd7 34.Ke2 Rb7 35.Kd3 Rb4 36.d7 Rb1
37.Kc2 Rb2+ 38.Kc1 Rxa2 39.Re8+ Kg7 40.Be5  1-0

[Event "59th ch-POL"]
[Site "Warsaw POL"]
[Date "2002.05.07"]
[Round "8"]
[White "Socko,B"]
[Black "Krasenkow,M"]
[Result "0-1"]
[WhiteElo "2564"]
[BlackElo "2641"]

1.e4 e5 2.Nf3 Nc6 3.Bb5 a6 4.Ba4 Nf6 5.O-O Nxe4 6.d4 b5 7.Bb3 d5 8.dxe5 Be6
9.Be3 Be7 10.c3 Qd7 11.Nbd2 O-O 12.Bc2 f5 13.exf6 Nxf6 14.Qb1 Kh8 15.Bf4 Ne4
16.Be3 Nf6 17.Bg5 Bd6 18.Bh4 Rae8 19.a4 b4 20.Bd3 Ne5 21.Nxe5 Bxe5 22.Nf3 Bd6
23.cxb4 Ne4 24.Qc2 Bh3 25.Ne1 Bxb4 26.gxh3 Nd2 27.f4 Nxf1 28.Bxf1 Rxf4 29.Bg3 Rf6
30.Nd3 Bd6 31.Bg2 Re3 32.Re1 d4 33.Bf2 Rxe1+ 34.Nxe1 c5 35.Bg3 Qe6 36.Nd3 c4
37.Nc1 d3 38.Nxd3 cxd3 39.Qxd3 Bc5+ 40.Kh1 Qa2 41.Qd1 Qxb2 42.h4 Rf8 43.Be4 Be3
44.Qd3 Bf2 45.Bd6 Rc8 46.Bf4 Bxh4 47.Qh3 Rd8 48.Bd3 Qd4 49.Qxh4 Qxd3 50.Kg2 Qe2+
51.Kh3 Rd3+ 52.Bg3 Qf1+  0-1

[Event "59th ch-POL"]
[Site "Warsaw POL"]
[Date "2002.05.08"]
[Round "9"]
[White "Krasenkow,M"]
[Black "Gdanski,J"]
[Result "1/2-1/2"]
[WhiteElo "2641"]
[BlackElo "2523"]

1.d4 Nf6 2.c4 e6 3.Nf3 d5 4.g3 dxc4 5.Bg2 Be7 6.Qa4+ Bd7 7.Qxc4 Bc6 8.Nc3 O-O
9.O-O a6 10.Bg5 b5 11.Qd3 Nbd7 12.a3 h6 13.Bxf6 Nxf6 14.e4 Bb7 15.e5 Nd5
16.Ne4 Nb6 17.Rfd1 Nc4 18.Ra2 Bd5 19.Nc3 c6 20.a4 bxa4  1/2-1/2

[Event "59th ch-POL"]
[Site "Warsaw POL"]
[Date "2002.05.09"]
[Round "10"]
[White "Grabarczyk,M"]
[Black "Krasenkow,M"]
[Result "1/2-1/2"]
[WhiteElo "2484"]
[BlackElo "2641"]

1.d4 Nf6 2.c4 g6 3.g3 Bg7 4.Bg2 d5 5.cxd5 Nxd5 6.Nf3 Nb6 7.O-O Nc6 8.e3 e5
9.dxe5 Qxd1 10.Rxd1 Nxe5 11.Nxe5 Bxe5 12.Nc3 O-O 13.e4 Nc4 14.f4 Bd6 15.b3 Bc5+
16.Kf1 Ne3+ 17.Bxe3 Bxe3 18.Nd5 Bb6 19.Ne7+ Kg7 20.Nxc8 Raxc8 21.Rd7 Rfd8
22.Rad1 c6 23.e5 Rxd7 24.Rxd7 Rc7 25.Bh3 Rxd7 26.Bxd7 Bd4 27.Bc8 b6 28.Ke2 f6
29.e6 f5 30.h3 Kf6 31.Bb7 Kxe6  1/2-1/2

[Event "59th ch-POL"]
[Site "Warsaw POL"]
[Date "2002.05.12"]
[Round "13"]
[White "Krasenkow,M"]
[Black "Markowski,T"]
[Result "1-0"]
[WhiteElo "2641"]
[BlackElo "2538"]

1.d4 d5 2.c4 dxc4 3.Nf3 Nf6 4.e3 e6 5.Bxc4 a6 6.O-O b5 7.Bb3 Bb7 8.a4 Nbd7
9.Qe2 b4 10.Nbd2 c5 11.a5 Be7 12.Nc4 O-O 13.Bd2 Qc7 14.Rfc1 Bd5 15.Ba4 Qb7
16.Nfe5 Rad8 17.f3 cxd4 18.exd4 Nxe5 19.dxe5 Bxc4 20.Rxc4 Nd7 21.Bc6 Qb8
22.f4 Nc5 23.Bxb4 Nb3 24.Bxe7 Nxa1 25.Bxf8 Kxf8 26.Ba4 Nb3 27.Qe3 Nd2 28.Rd4 Qc7
29.Rxd8+ Qxd8 30.Qb6  1-0

[Event "3rd IECC"]
[Site "Batumi GEO"]
[Date "2002.06.14"]
[Round "3"]
[White "Krasenkow,M"]
[Black "Duman,A"]
[Result "1-0"]
[WhiteElo "2641"]
[BlackElo "2155"]

1.d4 Nf6 2.c4 g6 3.Nc3 Bg7 4.e4 d6 5.Nf3 O-O 6.h3 e5 7.d5 Na6 8.Bg5 Qe8 9.g4 Nd7
10.Rg1 Kh8 11.Be2 f5 12.gxf5 gxf5 13.Nh4 Ndc5 14.Bh5 Nd3+ 15.Kd2 Nxb2 16.Qe2 Nxc4+
17.Kc2 Qd7 18.Ng6+ hxg6 19.Bxg6 Kg8 20.Qh5 Bf6 21.Bxf6 Rxf6 22.Bxf5+  1-0

[Event "3rd IECC"]
[Site "Batumi GEO"]
[Date "2002.06.23"]
[Round "11"]
[White "Sturua,Z"]
[Black "Krasenkow,M"]
[Result "1-0"]
[WhiteElo "2565"]
[BlackElo "2641"]

1.d4 Nf6 2.c4 g6 3.f3 d5 4.cxd5 Nxd5 5.e4 Nb6 6.Nc3 Bg7 7.Be3 O-O 8.Qd2 Nc6
9.O-O-O f5 10.e5 Nb4 11.Nh3 Be6 12.a3 N4d5 13.Ng5 Qd7 14.f4 Nxc3 15.Qxc3 Bd5
16.h4 h5 17.Rh3 a5 18.Kd2 a4 19.Ke1 Bb3 20.Rc1 Nd5 21.Qd2 Rfd8 22.Bf2 e6
23.Be2 b5 24.Rg3 c6 25.Kf1 Nb6 26.Kg1 Bc4 27.d5 Nxd5 28.Bxc4 bxc4 29.Rxc4 Bh6
30.Nh3 Kf7 31.Qc2 Rdb8 32.Rd3 Ra6 33.g3 Qb7 34.Rd2 Qb5 35.Rc5 Qb7 36.Rc4 Qb5
37.Qd3 Ke8 38.Rdc2 Kd7 39.Kh2 Qa5 40.Rc5 Rb5 41.Qc4 Rxc5 42.Bxc5 Qb5 43.Nf2 Ra8
44.Nd3 Rb8 45.Bd6 Ra8 46.Nf2 Bf8 47.Nd3 Rb8  1-0

[Event "Polish Supercup"]
[Site "Warsaw POL"]
[Date "2002.06.30"]
[Round "2"]
[White "Stempin,P"]
[Black "Krasenkow,M"]
[Result "0-1"]
[WhiteElo "2405"]
[BlackElo "2641"]

1.d4 d5 2.c4 e6 3.Nc3 c6 4.e3 f5 5.f4 Nf6 6.Nf3 Be7 7.Be2 O-O 8.O-O b6 9.Ne5 Bb7
10.cxd5 exd5 11.Qc2 Qc8 12.Bd2 c5 13.Be1 Na6 14.Rd1 Nc7 15.h3 Ne6 16.Kh2 g6
17.Bh4 cxd4 18.exd4 Qc7 19.Qb3 Rad8 20.Nb5 Qb8 21.Qe3 Ng7 22.Rc1 Bd6 23.Rc2 a6
24.Nxd6 Qxd6 25.Rfc1 Ne6 26.a3 Rde8 27.Bxf6 Rxf6 28.Bf3 Rff8 29.h4 Re7 30.g3 Rc7
31.Rxc7 Nxc7 32.Kg2 Re8 33.Kf2 Re7 34.h5 Ne8 35.Rh1 gxh5 36.Rxh5 Bc8 37.Qe1 Nf6
38.Rg5+ Kf8 39.Qh1 Ne4+  0-1

[Event "Los Inmortales IV"]
[Site "Santo Domingo DOM"]
[Date "2002.12.02"]
[Round "6"]
[White "Zarnicki,P"]
[Black "Krasenkow,M"]
[Result "1/2-1/2"]
[WhiteElo "2499"]
[BlackElo "2651"]

1.e4 c5 2.Nf3 e6 3.c3 Nf6 4.e5 Nd5 5.Bc4 b6 6.O-O Bb7 7.d4 Be7 8.Nbd2 O-O
9.Ne4 f5 10.exf6 Nxf6 11.Nxf6+ Bxf6 12.Bf4 Nc6 13.Bd6 Be7 14.dxc5 bxc5 15.Re1 Kh8
16.Bg3 Na5 17.Bb5 Bd5 18.Qa4 Nc6 19.Nd2 Qb6 20.Qa6 Bg5 21.Ne4 Bf4 22.Qxb6 axb6
23.c4 Bxe4 24.Rxe4 Bxg3 25.hxg3 Rfc8 26.Bxc6 Rxc6 27.Rd1 Ra7 28.Re3 Kg8 29.Red3 Rcc7
30.Rb3 Rcb7 31.a3 Kf7 32.Kf1 Ke7 33.Ke2 Ra4 34.Rc1 Kd6 35.g4 Kc6 36.g5 b5
37.cxb5+ Rxb5 38.Rxb5 Kxb5 39.Kf3 Rd4 40.Rh1 Rd3+ 41.Ke4 Rd2 42.Rxh7 Rxf2
43.Rxg7 Rxg2 44.Rxd7 Rxg5 45.Rb7+ Kc6  1/2-1/2

[Event "AIG Life rapid"]
[Site "Warsaw POL"]
[Date "2002.12.21"]
[Round "4"]
[White "Krasenkow,M"]
[Black "Mikhalchishin,A"]
[Result "1-0"]
[WhiteElo "2651"]
[BlackElo "2542"]

1.d4 d5 2.c4 dxc4 3.Nf3 c5 4.Nc3 cxd4 5.Qxd4 Bd7 6.Qxc4 Nc6 7.e4 Rc8 8.Be2 e6
9.O-O Nf6 10.Rd1 a6 11.Bg5 Qa5 12.Qd3 Rd8 13.Nd5 exd5 14.exd5 Ne7 15.Bxf6 gxf6
16.Qe3 Bg4 17.d6 Be6 18.dxe7 Bxe7 19.Rxd8+ Qxd8 20.Rd1 Qa5 21.Nd4 Qxa2 22.Qg3 Kf8
23.Qb8+ Kg7 24.Qxb7 Bc5 25.Nxe6+ Qxe6 26.Bf3 Rd8 27.Bd5 Rd7 28.Qb3 Qe5 29.Qf3 a5
30.b3 Re7 31.Bc4 Qg5 32.g3 Qe5 33.h4 Qe4 34.Qxe4 Rxe4 35.Rd5 Re5 36.Rd2 Bb4
37.Rd3 Bc5 38.Kg2 Re2 39.Rf3 Rd2 40.Rf5 h6 41.Rxc5 Rd4 42.Rxa5 Rd6 43.Ra7 Rb6  1-0